000
00281nam a22001337a 4500
008
170424b xxu||||| |||| 00| 0 eng d
020
_a
9780470401415
041
_a
eng
080
_a
54
100
_a
12
101
_a
shm
245
_a
CHEMISTRY 12
_c
KESSEL.H.
942
_2
udc
_c
BK
999
_c
11701
_d
11701